000 00575nam a22001817a 4500
005 20251108164957.0
008 250721s1993 xx 000 0 ara d
082 1 4 _a658.3/حنف
100 1 _aحنفي، عبد الغفار
_eمؤلف
245 1 0 _aالسلوك التنظيمي و إدارة الأفراد /
264 1 _aالإسكندرية :
_bالمكتب العربي الحديث،
_c1993.
300 _a640ص.
650 1 7 _aالإدارة
650 1 7 _aتقنيات الإدارة
650 1 7 _aإدارة الأفراد
942 _2ddc
_cBK
999 _c18871
_d18871